Countries that end with "D" - Statistics

General Stats
  • This quiz has been taken 415 times
    389 since last reset
  • The average score is 7 of 8
Answer Stats
Hint Answer % Correct
Europe Finland
96%
Europe Iceland
95%
Europe Ireland
95%
Europe Poland
94%
Oceania New Zealand
92%
Europe Switzerland
90%
Asia Thailand
90%
Africa Chad
79%
No matching quizzes found
Score Distribution
Percent of People with Each Score
Percentile by Number Answered
Your Score History
You have not taken this quiz since the last reset